Коллекция документов Колчака Александра Васильевича. Из собраний Русского заграничного архива

Описи
RUSMARC
00005816nbc1a2200301 x 450
001c93bb294-de22-4ff8-be5d-c10c36992ead
00520250403115636.0
100##$a20250403l19171927k###0rusy50 ca
1010#$arus
102##$aCZ
1222#$ad1917######
$ad1927######
2001#$aКоллекция документов Колчака Александра Васильевича. Из собраний Русского заграничного архива
$j1917-1927
215##$a10 единиц хранения
251##$a1 опись
$cФонд
300##$aНазвание фонда также: Колчак Александр Васильевич, адмирал, глава Российского правительства
300##$aЧасть документов фонда поступила в архив в составе бывшего Русского Заграничного Исторического Архива в 1946 г., часть документов присоединена из россыпи в 1947, 1987 и 1992 гг. Материалы А. В. Колчака имеются также в Гуверовском институте войны, революции и мира при Стэнфордском университете (США)
327##$aВ фонде представлены: черновики писем А. В. Колчака к А. В. Тимиревой за 22 февраля - 16 марта 1917 г. (2 дела с рукописными записями адмирала, 2 дела с машинописными копиями записей); письмо А. В. Колчака к А. В. Тимиревой от 29 апреля 1918 г. (на оборотной странице письма - черновик обращения А. В. Колчака к сербским солдатам); письмо А. В. Тимиревой А. В. Колчаку от 29 сентября 1917 г. (машинописная копия), записка А. В. Колчака начальнику штаба Сибирской Армии [1919]. Документы о передаче А. Н. Апушкиным материалов А. В. Колчака Русскому заграничному историческому архиву
330##$aКолчак А. В. (1873 (по другим данным 1874) - 1920), адмирал (с ноября 1918), окончил Морской кадетский корпус (1894), полярный исследователь (экспедиции 1900-1903 и 1908–1911), участник русско-японской и первой мировой войн, командующий Черноморским флотом (1916–1917). После Февральской революции отозван в Петроград и выехал в командировку в Великобританию и США. В октябре 1918 г. прибыл в Омск, 4 ноября 1918 г. вошел в состав Уфимской Директории как военный и морской министр. В результате переворота 18 ноября стал Верховным Правителем Российского государства. В 1918–1919 гг. руководил борьбой против войск Советской России в Сибири, на Урале и Дальнем Востоке. Потерпел поражение и в январе 1920 г. сложил с себя звание Верховного правителя, передав его А. И. Деникину. 15 января 1920 г. на ст. Иннокентьевская (около Иркутска) выдан белочехами "Политическому центру", затем передан Иркутскому ВРК, по постановлению которого расстрелян 7 февраля 1920 г. на берегу реки Ушаковка
5171#$aКолчак Александр Васильевич, адмирал, глава Российского правительства
600#1$2nlr_sh
$3RU\NLR\AUTH\66390777
$aКолчак
$bА.В.
$gАлександр Васильевич
$f1874 - 1920
$jАрхивные фонды
686##$a63.3(2)53-8
$vLBC/M
$2rubbk
700#1$3RU\NLR\AUTH\7752269
$aКолчак
$bА. В.
$f1874-1920
$gАлександр Васильевич
71202$3RU\NLR\AUTH\8816199
$aРусский заграничный исторический архив
$cПрага
$4570
801#0$aRU
$bПБ им. Б.Н. Ельцина
$c
801#1$aRU
$bПБ им. Б.Н. Ельцина
$c
$2rusmarc
801#2$aRU
$bПБ им. Б.Н. Ельцина
$c20250403
$gRCR
$2rusmarc
850##$aГосударственный архив Российской Федерации
852##$aГА РФ
$jР5844
035##$aLIBNET\0001465164
937##$d196514555
$hПБ
8564#$uhttp://readingroom.main.prlib.ru/item.aspx?id_node=n196514555&mode=full
Формат отображения